| 000 | 00564nam a2200181 a 4500 | ||
|---|---|---|---|
| 005 | 20210219160418.0 | ||
| 008 | 081107s1997 mx r 000 0 spa d | ||
| 035 | _aUPN01000165216 | ||
| 049 | _aUNE | ||
| 080 | _a37.014. 522 "1997" HAN No.9. | ||
| 100 | 1 | _aHanson, Mark | |
| 245 | 1 | 0 |
_aDescentralización educacional : _bProblemas y desafíos / _cMark Hason; traducción de Maritza Blajtrach Roldán. |
| 260 |
_aSantiago de Chile : _bPREAL, _c1997. |
||
| 300 | _a22 p. | ||
| 440 | 0 | _aDocumentos; 9 | |
| 690 | _aDescentralizacion- Educacion | ||
| 905 | _aUNESCO | ||
| 999 |
_c137328 _d137328 |
||